00562nam a2200169Ia 4500003000400000005001700004008004100021020001900062040002700081100002000108245002900128260001800157260000900175942001200184999001300196952018300209OSt20240220112913.0170523s9999 xx 000 0 und d a978-0132848787 ciimt university meerut aLUDLOW- PANTONE 0aEFFECTIVE COMMUNICATION bNEW DELHI PHI c1995 2ddcc02 c517d517 00102ddc4070a01b01d2017-05-31p01-B-1696r2017-05-31w2017-05-31y15zReceipt no 161201, Date- 06/06/2025, Amount - Rs 515/- Paid for (Acc no. 126427, 131409, 1696 & 99122)